Su seguro servidor : (Registro nro. 76701)

Detalles MARC
000 -CABECERA
fixed length control field 00577nam a22001937a 4500
003 - IDENTIFICADOR DEL NUMERO DE CONTROL
control field bpm
005 - FECHA Y HORA DE LA ULTIMA TRANSACCION
control field 20260428115127.0
008 - ELEMENTOS DE LONGITUD FIJA -- INFORMACION GENERAL
fixed length control field 260428b |||||||| |||| 00| j spa d
024 ## - OTRO IDENTIFICADOR NORMALIZADO
Número o código normalizado S. C. C. / M. C. y E. M.:
040 ## - FUENTE DE CATALOGACION
Código de la agencia catalogadora original AR-CtUCP
041 ## - LANGUAGE CODE
Código de Idioma para texto o pista de sonido o título separado spa
080 ## - CLASIFICACIÓN DECIMAL UNIVERSAL
Clasificación Decimal Universal CDU
100 ## - ASIENTO PRINCIPAL--NOMBRE PERSONAL
Nombre del autor personal Mauriño Mario Augusto
245 ## - MENCION DE TITULO
Ti­tulo Su seguro servidor :
Subti­tulo Historias, anécdotas y evocaciones del Ferrocarril Económico de Corrientes
260 ## - PUBLICACION, DISTRIBUCION, ETC. (PIE DE IMPRENTA)
Lugar Corrientes
Editor SEMPER
Fecha 2013
650 ## - SASIENTO SECUNDARIO DE MATERIA - TERMINO TEMATICO
Término controlado Historia - Relatos breves - Historia Correntina - Corrientes
942 ## - TIPO DE MATERIAL
Tipo de I­tem LIBRO
Existencias
Estado Perdido Estado de Daño Ubicacion Permanente Ubicacion Actual Sala Fecha de Adquisicion Signatura Topografica Completa Numero de Inventario Date last seen Tipo de Ejemplar
    Biblioteca Regional de Poesía Biblioteca Regional de Poesía Biblioteca 28/04/2026 82 MAU c P 271 28/04/2026 LIBRO
    Biblioteca Regional de Poesía Biblioteca Regional de Poesía Biblioteca 28/04/2026 82 MAU c Ej. 2 P 272 28/04/2026 LIBRO